00323nam a2200121Ia 4500008004100000100001400041245006900055260003200124300000800156650001200164942000800176999001700184190216s9999||||xx |||||||||||||| ||und|| aYadav M S 0aSceince Technology: Comperhensive Bank Of Question Series For Ix bLaxmi Publication Ltdc2003 a546 aScience cREF c36725d36725